000 01200cad a22002415a 4500
001 L147030
008 090324s2009 xxkabdof s 000 0 eng d
035 _a(Sirsi) u147030
041 0 _aeng
050 0 4 _a333.33 $2 18
110 2 _aColliers International Property Consultants
_91881
245 0 0 _aUnited States real estate review
_b2009
_h[electronic resource]
260 _a[S.l.]
_bColliers
_c2009
490 0 _aColliers United States Real Estate Review
_v2009
520 _aReports that income-producing real estate weakened considerably during the second half of 2008 and expects this to continue through 2009. Considers that the two key issues are deteriorating fundamentals and the ability to refinance maturing debt and that they will both be challenging issues for investors and lenders alike. Concludes that the next up-cycle will be very different from the last.
521 _aAdvanced
590 _aKA NTK
650 2 4 _aCOLLIERS UNITED STATES REAL ESTATE REVIEW
651 4 _aUnited States
_y1959-
690 _aPROPERTY-COMMERCIAL PROPERTY-COMMERCIAL PROPERTY MARKET
856 4 0 _uhttps://www.colliers.com/
_zView the report free of charge at www.colliers.com...
942 _n0
999 _c109412
_d109412